| 000 | 00908nam a2200205 a 4500 | ||
|---|---|---|---|
| 001 | 14592 | ||
| 003 | CO-ViMGA | ||
| 008 | 141112s2004 ck r 000 u spa d | ||
| 020 | _a9584100106 | ||
| 040 |
_aCO-ViMGA _bspa _cCO-ViMGA |
||
| 082 | 0 | 4 | _a990 S624g - 9 |
| 100 | 1 |
_aSalgado de López, Mariela; Almeciga Romero, Carlota; Cortes Garzón, Liliana _921328 |
|
| 245 | 1 | 0 | _aSociales interactivas 9 |
| 260 | _aSta Fe de Bogotá.McGraw Hill.2000 | ||
| 300 | _a222.p.il. | ||
| 505 | _aGeografia del continente Américano en el contexto internacional.Europa y el mundo Afroasiatico a partir de la primera guerra mundial.América latina y Colombia en la primera mitad del siglo XX.Europa y el mundo Afroasiatico en la segunda mitad del siglo XX.Nuevas perspectivas para latinoAmérica y Colombia segunda mitad del siglo XX. Sociales 9 | ||
| 650 | 1 | 4 |
_aGEOGRAFIA _921329 |
| 650 | 1 | 4 | _aHISTORIA |
| 942 |
_2ddc _cBK |
||
| 999 |
_c25173 _d25173 |
||